000 00601nam a2200217Ia 4500
003 OSt
005 20221007071754.0
006 a|||||r|||| 00| 0
007 ta
008 221006b |||||||| |||| 00| 0 eng d
024 _a25,453
037 _cReports / Technical Reports
040 _aFLL
_cFLL
_beng
041 _2eng
_aeng
082 _aY15:7:7.N74, L5
245 0 _aEquality for women
260 _aLondon
_bHer Majesty's Stationery Office London
_c1975
300 _a1-27p
_ccm.
942 _hY15:7:7.N74, L5
_cREP
_2CC
999 _c1144250
_d1144250